|
|
|
|
| LEADER |
01601cas a2200241 a 4500 |
| 001 |
AALejournalIMF008407 |
| 008 |
230101c9999 xx r poo 0 0eng d |
| 020 |
|
|
|c 5.00 USD
|
| 020 |
|
|
|z 9781451856989
|
| 022 |
|
|
|a 1018-5941
|
| 040 |
|
|
|a BD-DhAAL
|c BD-DhAAL
|
| 100 |
1 |
|
|a Koeva Brooks, Petya.
|
| 245 |
1 |
4 |
|a The Performance of Indian Banks During Financial Liberalization /
|c Petya Koeva Brooks.
|
| 264 |
|
1 |
|a Washington, D.C. :
|b International Monetary Fund,
|c 2003.
|
| 300 |
|
|
|a 1 online resource (33 pages)
|
| 490 |
1 |
|
|a IMF Working Papers
|
| 500 |
|
|
|a <strong>Off-Campus Access:</strong> No User ID or Password Required
|
| 500 |
|
|
|a <strong>On-Campus Access:</strong> No User ID or Password Required
|
| 506 |
|
|
|a Electronic access restricted to authorized BRAC University faculty, staff and students
|
| 520 |
3 |
|
|a This paper provides new empirical evidence on the impact of financial liberalization on the performance of Indian commercial banks. The analysis focuses on examining the behavior and determinants of bank intermediation costs and profitability during the liberalization period. The empirical results suggest that ownership type has a significant effect on some performance indicators and that the observed increase in competition during financial liberalization has been associated with lower intermediation costs and profitability of the Indian banks.
|
| 538 |
|
|
|a Mode of access: Internet
|
| 830 |
|
0 |
|a IMF Working Papers; Working Paper ;
|v No. 2003/150
|
| 856 |
4 |
0 |
|z Full text available on IMF
|u http://elibrary.imf.org/view/journals/001/2003/150/001.2003.issue-150-en.xml
|z IMF e-Library
|